<?xml version="1.0" encoding="UTF-8"?>
<record
    xmlns:xsi="http://www.w3.org/2001/XMLSchema-instance"
    xsi:schemaLocation="http://www.loc.gov/MARC21/slim http://www.loc.gov/standards/marcxml/schema/MARC21slim.xsd"
    xmlns="http://www.loc.gov/MARC21/slim">

  <leader>00354    a2200121   4500</leader>
  <controlfield tag="001">75878</controlfield>
  <controlfield tag="005">20260313154944.0</controlfield>
  <datafield tag="010" ind1=" " ind2=" ">
    <subfield code="a">972-54-0051-8</subfield>
  </datafield>
  <datafield tag="090" ind1=" " ind2=" ">
    <subfield code="a">75878</subfield>
  </datafield>
  <datafield tag="100" ind1=" " ind2=" ">
    <subfield code="a">20260313              pory50        </subfield>
  </datafield>
  <datafield tag="200" ind1=" " ind2=" ">
    <subfield code="a">A pergunta de Job: O Homem e o mist&#xE9;rio do mal</subfield>
    <subfield code="f">Sebasti&#xE3;o J. Formosinho; J. Oliveira Branco</subfield>
  </datafield>
  <datafield tag="210" ind1=" " ind2=" ">
    <subfield code="c">Universidade Cat&#xF3;lica </subfield>
    <subfield code="d">2003</subfield>
  </datafield>
  <datafield tag="942" ind1=" " ind2=" ">
    <subfield code="c">MON</subfield>
  </datafield>
</record>
